LEADER 01600nam 2200421 n 450 001 996386821503316 005 20221108011910.0 035 $a(CKB)1000000000611715 035 $a(EEBO)2240949077 035 $a(UnM)99868068 035 $a(EXLCZ)991000000000611715 100 $a19940613d1649 uy | 101 0 $aeng 135 $aurbn||||a|bb| 200 14$aThe papers which passed at Nevv-Castle betwixt His Sacred Majestie and Mr Al: Henderson$b[electronic resource] $econcerning the change of church-government. Anno Dom. 1646 210 $aLondon $cPrinted [by John Grismond] for R: Royston, at the Angel in Ivie-lane$d1649 215 $a[4], 58, [2] p. $cill 300 $aPrinter's name from Madan. 300 $aWith a final errata leaf. 300 $aFrontis. = ill. 300 $aFrontispiece signed: Giul: Marshall sculp:. 300 $aAnnotation on Thomason copy: "May 29". 300 $aReproduction of the original in the British Library. 330 $aeebo-0018 606 $aChurch polity$vEarly works to 1800 607 $aGreat Britain$xChurch history$y17th century$vEarly works to 1800 615 0$aChurch polity 700 $aCharles$cKing of England,$f1600-1649.$0793295 701 $aHenderson$b Alexander$f1583?-1646.$01003757 702 $aMarshall$b William$ffl. 1617-1650, 801 0$bCu-RivES 801 1$bCu-RivES 801 2$bCStRLIN 801 2$bWaOLN 906 $aBOOK 912 $a996386821503316 996 $aThe papers which passed at Nevv-Castle betwixt His Sacred Majestie and Mr Al: Henderson$92358413 997 $aUNISA LEADER 02206nam 2200577z- 450 001 9910346939603321 005 20210211 010 $a1000007165 035 $a(CKB)4920000000101126 035 $a(oapen)https://directory.doabooks.org/handle/20.500.12854/46015 035 $a(oapen)doab46015 035 $a(EXLCZ)994920000000101126 100 $a20202102d2007 |y 0 101 0 $ager 135 $aurmn|---annan 181 $ctxt$2rdacontent 182 $cc$2rdamedia 183 $acr$2rdacarrier 200 00$aEinfu?hrung in die Hydromechanik 210 $cKIT Scientific Publishing$d2007 215 $a1 online resource (XIII, 225 p. p.) 311 08$a3-86644-158-4 330 $aDas vorliegende Lehrbuch ist ein Referenzwerk zur stro?mungsmechanischen Grundlagenvorlesung ""Hydromechanik"" und ermo?glicht Fachfremden einen Einstieg in die Grundlagen der Beschreibung von Stro?mungen (Fluideigenschaften, Hydrostatik, Hydrodynamik, Impulsgleichung, Energiegleichung, Rohrstro?mungen, Experimentelle Hydromechanik, Fluidwiderstand an Oberfla?chen, Gerinnestro?mungen, Stro?mungskra?fte auf Ko?rper). Aufgaben, Video- und Multimediamaterial: http://hydro.ifh.uni-karlsruhe.de. 606 $aHistory of engineering and technology$2bicssc 610 $aAllgemeine Transportgleichung 610 $abernoulli 610 $aBernoullibuoyancy 610 $acontinuity equation 610 $aDimensionsanalyse 610 $aeuler equation 610 $aEulergleichung 610 $aHydrodynamik 610 $aHydrostatik 610 $aImpulsgleichung 610 $aKinematik 610 $aKontinuita?tsgleichung 610 $amomentum equation 610 $aNavier-Stokes-GleichungAuftrieb 610 $aRohrstro?mung 610 $aStationa?re Stro?mung 610 $asteady flow 610 $aStro?mungsmechanik 610 $aStro?mungswiderstand 610 $atransport equation 610 $aTurbulente Stro?mung 615 7$aHistory of engineering and technology 700 $aJirka$b Gerhard H$4auth$0632646 906 $aBOOK 912 $a9910346939603321 996 $aEinführung in die Hydromechanik$93030603 997 $aUNINA LEADER 02987oam 2200901 n 450 001 9910510407003321 005 20231219223346.0 035 $a(CKB)4100000012155467 035 $a(FrMaCLE)OB-irhis-3928 035 $a(PPN)259393223 035 $a(oapen)doab131518 035 $a(EXLCZ)994100000012155467 100 $a20211124j2021|||| ||| 0 101 0 $afre 135 $aur||||||m|||| 181 $ctxt$2rdacontent 182 $cc$2rdamedia 183 $acr$2rdacarrier 200 00$aApprentissage, travail et création $elieux, communautés, réseaux, transmissions familiales 210 $aVilleneuve d'Ascq$cPublications de l'Institut de recherches historiques du Septentrion$d2021 210 1$aVilleneuve d'Ascq :$cPublications de l?Institut de recherches historiques du Septentrion,$d2021. 215 $a1 online resource (250 pages) 225 1 $aHistoire et littérature du Septentrion (IRHiS) 311 1 $a2490296337 330 $aCette publication rassemble quelques unes des communications du séminaire Apprentissage, travail et création 2017 et des journées d'études des 11 décembre 2017 et 29 mai 2018 606 $aArt 606 $aHistory 606 $aApprentissage 606 $aArt moderne 606 $aBeaux-Arts 606 $aCirculation 606 $aEnseignement dans l?art 606 $aépoque moderne 606 $alieu d?apprentissage 606 $aMoyen Âge 606 $apériode médiévale 610 $aApprentissage 610 $aArt moderne 610 $aBeaux-Arts 610 $aCirculation 610 $aEnseignement dans l'art 610 $aépoque moderne 610 $alieu d'apprentissage 610 $aMoyen Âge 610 $apériode médiévale 615 4$aArt 615 4$aHistory 615 4$aApprentissage 615 4$aArt moderne 615 4$aBeaux-Arts 615 4$aCirculation 615 4$aEnseignement dans l?art 615 4$aépoque moderne 615 4$alieu d?apprentissage 615 4$aMoyen Âge 615 4$apériode médiévale 700 $aBie?re-Chauvel$b Delphine$01876005 701 $aCinquini$b Philippe$01451909 701 $aCugy$b Pascale$01451910 701 $aLacheze$b Cyril$01366817 701 $aLafille$b Pauline$01451911 701 $aMae?s$b Gae?tane$00 701 $aPalaude$b Ste?phane$00 701 $aLe Pape$b Yannick$01876006 701 $aPetiteau$b Natalie$0686538 701 $aPoisson-Cogez$b Nathalie$01451913 701 $aSapienza$b Valentina$01330177 701 $aSkupien$b Raphae?le$00 701 $aTixier$b Fre?de?ric$00 701 $aWeckerle$b Marion$01451915 701 $aBie?re-Chauvel$b Delphine$01876005 701 $aGil$b Marc$01291522 701 $aPre?vost-Marcilhacy$b Pauline$00 801 0$bFR-FrMaCLE 906 $aBOOK 912 $a9910510407003321 996 $aApprentissage, travail et création$94487356 997 $aUNINA